00853 2200289 4500001002100000005001700021008004100038020002200079035002400101040001200125041000800137082001700145084001700162090002100179100002500200245012900225250001100354260003900365300003800404504003000442650002200472650001400494700001200508700000900520850001200529990002200541INLIS00000000003337920180228105143.0  a978-602-6380-16-6 0010-021800000000104 aYOPDYOG0 aind 2[23]a153.69 a153.69 Ast C aDEP 153.69 Ast C0 aASTI MUSMANd, 1968-1 aCara cepat membaca bahasa tubuh semudah membaca koranc/ Asti Musman; editor, Nurti L; ilustrator, Turi; penyunting, Nurti L aCet. 1 aYogyakartabPsikologi Cornerc2016 aviii, 256 hlm.b: ilus.c; 20 cm. aBibliografi: hlm. 253-254 4aKomunikasi, Model 4aPsikologi0 aNURTI L0 aTURI aYOPDYOG aCB-D.11/2016-2519